আলোর সন্ধানে দেশ / (Record no. 63668)
[ view plain ]
| 000 -LEADER | |
|---|---|
| fixed length control field | 00831nam a2200229 a 4500 |
| 001 - CONTROL NUMBER | |
| control field | 63668 |
| 003 - CONTROL NUMBER IDENTIFIER | |
| rucl marc code | BD-RjUL |
| 005 - DATE AND TIME OF LATEST TRANSACTION | |
| control field | 20211209081224.0 |
| 008 - FIXED-LENGTH DATA ELEMENTS--GENERAL INFORMATION | |
| fixed length control field | 170202s2008 bg ||||| |||| 00| 0 ben d |
| 020 ## - INTERNATIONAL STANDARD BOOK NUMBER | |
| International Standard Book Number | 9844523401 |
| Terms of availability | : TK 190.00 |
| 035 ## - SYSTEM CONTROL NUMBER | |
| System control number | (BD-RjUL)63797 |
| 040 ## - CATALOGING SOURCE | |
| Original cataloging agency | BD-RjUL |
| Language of cataloging | ben |
| Transcribing agency | BD-RjUL |
| 041 ## - LANGUAGE CODE | |
| Language code of text/sound track or separate title | ben |
| 082 ## - DEWEY DECIMAL CLASSIFICATION NUMBER | |
| Edition number | 23 |
| Classification number | 891.444 |
| Author mark and year | CHA 2008 |
| 100 ## - MAIN ENTRY--PERSONAL NAME | |
| Personal name | চৌধুরী, মাহবুব উল আলম |
| 9 (RLIN) | 188670 |
| 245 10 - TITLE STATEMENT | |
| Title | আলোর সন্ধানে দেশ / |
| Statement of responsibility, etc. | মাহবুব উল আলম চৌধুরী |
| 260 ## - PUBLICATION, DISTRIBUTION, ETC. (IMPRINT) | |
| Place of publication, distribution, etc. | ঢাকা : |
| Name of publisher, distributor, etc. | পালক পাবলিশার্স, |
| Date of publication, distribution, etc. | ২০০৮ |
| 300 ## - PHYSICAL DESCRIPTION | |
| Pagination | ১২২ পৃ. ; |
| Size | ২১ সেমি. |
| 650 ## - SUBJECT ADDED ENTRY--TOPICAL TERM | |
| Topical term or geographic name as entry element | বাংলা প্রবন্ধ |
| 9 (RLIN) | 170454 |
| Topical term or geographic name as entry element | Bengali Essays |
| 9 (RLIN) | 170481 |
| 942 ## - ADDED ENTRY ELEMENTS (KOHA) | |
| Source of classification or shelving scheme | Dewey Decimal Classification |
| Koha item type | Books |
| Lost status | Source of classification or shelving scheme | Damaged status | Not for loan | Collection code | Permanent Location | Current Location | Shelving location | Date acquired | Source of acquisition | Cost, normal purchase price | Total Checkouts | Full call number | Date last seen | Copy number | Koha item type |
|---|---|---|---|---|---|---|---|---|---|---|---|---|---|---|---|
| Dewey Decimal Classification | Not For Loan | Non-fiction | Central Library, University of Rajshahi | Central Library, University of Rajshahi | Reading Room | 11/01/2009 | Rawshan Ara, Dhaka | 190.00 | B 891.444 CHA 2008 | 02/02/2017 | C-1 | Books |